000 00751nam a22002177a 4500
003 UA-OsUOA
001 37622
007 ta
008 20060403b un ||||| |||| 00| 0 ukr d
100 _aБагрій П.
090 _a330(477)
_bБ11
942 _cSA
040 _aUA-OsUOA
_bukr
_cUA-OsUOA
_dUA-OsUOA
245 _aЗдешевлення ліків цілком можливе! Аналітики оцінюють обсяги ринку фармацевтичних преператів України, еквівалентною 1 мільярду
300 _aС.4
955 _a0
041 _aukr
080 _a330(477)
773 0 _w37621
_tУкраїна- business
_dК.
_d2006
_g10
650 7 _a330 Економіка взагалі
_2UDC
999 _c323801
_d323801